HUMAN PHYSIOLOGY FOR PHYSIOTHERAPY (Record no. 33174)
[ view plain ]
| 000 -LEADER | |
|---|---|
| fixed length control field | 00391nam a22001697a 4500 |
| 003 - CONTROL NUMBER IDENTIFIER | |
| control field | SGT |
| 020 ## - INTERNATIONAL STANDARD BOOK NUMBER | |
| International Standard Book Number | 9789394102408 |
| 082 ## - DEWEY DECIMAL CLASSIFICATION NUMBER | |
| Classification number | 612 |
| Item number | H24J |
| 100 ## - MAIN ENTRY--PERSONAL NAME | |
| Personal name | JAIN, AK |
| 245 ## - TITLE STATEMENT | |
| Title | HUMAN PHYSIOLOGY FOR PHYSIOTHERAPY |
| 250 ## - EDITION STATEMENT | |
| Edition statement | 4TH |
| 260 ## - PUBLICATION, DISTRIBUTION, ETC. (IMPRINT) | |
| Place of publication, distribution, etc | INDIA |
| Name of publisher, distributor, etc | ARYA PUB |
| Year of Publication | 2024 |
| 300 ## - PAGE DESCRIPTION | |
| No. of Pages | 540 |
| 650 ## - SUBJECT ADDED ENTRY--TOPICAL TERM | |
| Topical term or geographic name as entry element | HUMAN PHYSIOLOGY |
| 653 ## - KEYWORDS--INDEX TERM | |
| Keyword term | HUMAN PHYSIOLOGY FOR PHYSIOTHERAPY |
| 942 ## - ADDED ENTRY ELEMENTS (KOHA) | |
| Source of classification or shelving scheme | Dewey Decimal Classification |
| Koha item type | Books |
| Withdrawn status | Lost status | Source of classification or shelving scheme | Damaged status | Not for loan | Collection code | Home library | Current library | Shelving location | Date acquired | Vendor Name | Cost, normal purchase price | SGTU | Bill Number | Total Checkouts | Full call number | Accession No. (Barcode) | Date last seen | Bill Date | Koha item type | Checked out | Date last borrowed |
|---|---|---|---|---|---|---|---|---|---|---|---|---|---|---|---|---|---|---|---|---|---|
| Dewey Decimal Classification | Not For Loan | MEDICAL | SGT Medical Library | SGT Medical Library | Text Book | 06/10/2025 | BW/000271 | 950.00 | SGTU | BW/000285 | 612 H24J | FM15611 | 11/11/2025 | 06/10/2025 | Books | ||||||
| Dewey Decimal Classification | MEDICAL | SGT Medical Library | SGT Medical Library | Text Book | 06/10/2025 | BW/000271 | 950.00 | SGTU | BW/000285 | 8 | 612 H24J | FM15612 | 29/05/2026 | 06/10/2025 | Books | 12/06/2026 | 29/05/2026 | ||||
| Dewey Decimal Classification | MEDICAL | SGT Medical Library | SGT Medical Library | Text Book | 06/10/2025 | BW/000271 | 950.00 | SGTU | BW/000285 | 11 | 612 H24J | FM15613 | 03/06/2026 | 06/10/2025 | Books | 01/06/2026 | |||||
| Dewey Decimal Classification | MEDICAL | SGT Medical Library | SGT Medical Library | Text Book | 06/10/2025 | BW/000271 | 950.00 | SGTU | BW/000285 | 9 | 612 H24J | FM15614 | 03/06/2026 | 06/10/2025 | Books | 18/05/2026 | |||||
| Dewey Decimal Classification | MEDICAL | SGT Medical Library | SGT Medical Library | Text Book | 06/10/2025 | BW/000271 | 950.00 | SGTU | BW/000285 | 7 | 612 H24J | FM15615 | 27/05/2026 | 06/10/2025 | Books | 10/06/2026 | 27/05/2026 |